[Event "Goch op 26th"]
[Site "Goch"]
[Date "2015.09.04"]
[Round "3"]
[White "Obciety, Sandra"]
[Black "Mueller, Juergen"]
[Result "1-0"]
[WhiteElo "1234"]
[BlackElo "1690"]
[PlyCount "55"]
[EventDate "2015.09.03"]
[EventType "swiss"]
[EventRounds "7"]
[EventCountry "GER"]
[SourceTitle "EXT 2018"]
[Source "ChessBase"]
[SourceDate "2017.10.13"]
[SourceVersion "1"]
[SourceVersionDate "2017.10.13"]
[SourceQuality "1"]

1. e4 c5 2. Nf3 d6 3. Nc3 a6 4. Bc4 Nd7 5. Ng5 Ne5 6. Bb3 e6 7. d3 Nf6 8. f4 Nc6 9. f5 Nd4 10. fxe6 fxe6 11. Ne2 Nxb3 12. cxb3 Be7 13. 0-0 h6 14. Nh3 e5 15. Rf3 Bg4 16. Rg3 Qd7 17. Nf2 h5 18. Nxg4 hxg4 19. Nc3 Rh4 20. Bg5 Nd5 21. Bxh4 Nxc3 22. bxc3 Bxh4 23. Rxg4 Bf6 24. Qf3 0-0-0 25. Qf5 Kc7 26. Qxd7+ Kxd7 27. Rf1 Rh8 28. Rxg7+ 1-0